| 000 | 01445nas a2200325 c 4500 | ||
|---|---|---|---|
| 001 | 294677 | ||
| 003 | BLK | ||
| 005 | 20250723111116.0 | ||
| 008 | 180413b bul rap|r|||| |0| c1bulo| | ||
| 010 | _aPRD00003546000 | ||
| 022 | _a0324-1270 | ||
| 040 | _aBLK | ||
| 041 |
_aBUL _cBUL |
||
| 080 |
_aБългарски език _b811.163.2 _z811.163.2 |
||
| 080 |
_aБългарска литература _b821.163.2 _z821.163.2 |
||
| 110 | 1 |
_aСъюз на филолозите българисти _eРед. кол.: Светлозар Игов - глав. ред. и др. _9360462 |
|
| 245 | 1 | 0 |
_aЕЗИК И ЛИТЕРАТУРА _bСписание за бълг. и слав. филология _cСъюз на филолозите българисти ; Ред. кол.: Светлозар Игов - глав. ред. и др. _fНачална год. на издаване: Год. 1, № 1 (1946), |
| 257 | _aBGR | ||
| 260 |
_bСъюз на филолозите българисти _c1947 _fпеч. при Унив. изд. Св. Кл. Охридски |
||
| 300 | _c24 | ||
| 310 |
_cдепозит за: 2017 _eсрок за съхранение: 99 |
||
| 380 | _a80 | ||
| 852 | _aА 558 | ||
| 856 |
_qpdf _u |
||
| 856 |
_qpdf _u |
||
| 942 |
_cJOU _n0 _s1 _019 |
||
| 944 |
_aCR _cВася_Ганчева _k30535 _lХристина Везирева |
||
| 944 |
_aED _cВася_Ганчева _k29.12.2017 |
||
| 999 |
_c294677 _d294677 |
||
| 999 | _d294677 | ||